000 00490nam a2200241Ia 4500
001 067605
003 YMCAF
005 20230512160441.0
008 100717s9999 ||||||||||||||||| ||und|d
020 _a-
024 _a67605
035 _a7068
040 _aYMCAF
_beng
_cIN-KoLT
041 _aeng
082 _a621.381
_b5 MAR
100 _aMARKUS, JOHN
245 0 _aELECTRONIC CIRCUITS MANUAL
250 _a-
300 _a988
653 _a-
653 _a-
942 _2ddc
_cBK
999 _c4559
_d4559